000 00682nam a22002417a 4500
003 0
005 20180820151320.0
008 0
010 _aB-159833
020 _c750.00
_a8188583642
035 _aB-159833, B-159838, B-159855
037 _bCen Lib/Ret
040 _aDPL
_bEN
_c0
082 _a180
_bREF
245 _aReference manual :
_bphilosophy /
246 _b
260 _aNew Delhi
_bReference Press
_c2004
270 _bNew Delhi
_a4831/24, Ansari Road, Dariyaganj
_e110002
300 _avii, 353p.
_c21cm(Hb)
650 _aPhilosophy -- Manual
_9111861
650 _aMorality -- Hindu philosophy
_9111862
942 _2ddc
_cEN
_h180
_mREF
999 _c136032
_d136032